00978nam a2200325Ia 4500008004100000020001800041050001400059100002500073245001700098245009800115260001900213260001600232260000900248300001600257300002000273300001000293440002100303500001000324650003800334650003000372650002200402650002300424650000900447700002100456700002200477700001200499700001100511999001900522952011100541181129s9999 xx 000 0 und d a9780451531001 bM149 2008 aMachiavelli, Niccolo 4aThe prince / 0cby Niccolo Machiavelli ; introduction by Christian Gauss and new afterword by Regina Barreca. aNew York, NY : bScholastic, c2008 a126 pages : billustrations ; c17cm. aSignet classics. a1430L aGreat books of the Western World. aMilitary art and science. aPilotical ethics. aPolitical science. aWar. aBarreca, Regina. aGauss, Christian. aSeries. aTitle. c360121d360121 001040aSSISMbSSISMcSSISMd2018-11-29l0oFIC M149 2008pSSISM5915r2018-11-29 00:00:00w2018-11-29yBK